00377nam a2200157Ia 450000500170000000800410001704000190005804100120007708200160008924500330010526000310013830000110016950400190018065000100019985000100020920240814094604.0131103s9999 xx 000 0 und d aLoreto College aEnglish a891.43bGAN aGandhiji sankhipta atmakatha aAhmedabadbNabajibonc1951 a191p.  aIncludes index aHindi aLCBED